000 00394cam a2200157ua 4500
041 _aeng
_h
082 _a828.09
_bWHI/AU
100 _aWhitelock, Dorothy .
245 _aAudience of Beuwulf /
_cDorothy Whitelock.
_hTextual Documents
250 _a1 /
_b.
260 _aLondon :
_bOxford University Press ,
_c1964.
300 _a111 ; .
504 _a
942 _cBK
999 _c3538
_d3538